| 000 | 00799nam a2200217 u 4500 | ||
|---|---|---|---|
| 001 | 000530939 | ||
| 003 | AM-YeHGA | ||
| 005 | 20250617135257.0 | ||
| 008 | 070410s1978 ||||||||||||||||||||rus d | ||
| 040 | _aAM-YeHGA | ||
| 041 | 0 | _arus | |
| 100 | 1 | _aГордиенко, Вадим Максимович | |
| 245 | 1 | 0 |
_aУльтраструктура желез эндокринной системы / _cВ.М. Гордиенко, В.Г. Козырицкий . |
| 260 |
_aКиев : _bЗдоров'я, _c1978. |
||
| 300 |
_a288 с. : _bил. |
||
| 650 | 1 | 4 |
_aЭндокринология _xфункциональный аспект |
| 650 | 1 | 4 | _aГипофиз |
| 650 | 1 | 4 | _aЭлектронограмма |
| 700 | 1 | _aКозырицкий, Виктор Григорьевич | |
| 090 | _c198580 | ||
| 999 |
_c197101 _d197101 |
||